000 02096ngm a22003970a 4500
001 PT45859
003 AR-LpoUNG
005 20210201235953.0
007 vd cvaizq
008 191001s2010||||ag |||||||||||||||||spa d
037 _c$7.50
040 _aAR-LpoUNG
_bspa
_cAR-LpoUNG
_eaacr
041 _aspa
044 _aag
082 0 _a303.32 678hom
100 1 _aCohn, Mariano
_edir.
245 1 3 _aEl hombre de al lado
260 _aBuenos Aires :
_bTranseuropa Video Entertainment,
_c2010.
300 _aDVD (103 min.) : son., col.
505 0 _aGuión: Andrés Duprat. Música: Sergio Pángaro. Fotografía: Gastón Duprat. Estreno: 2 de septiembre de 2010. Protagonistas: Rafael Spregelburd y Daniel Araoz. Subtítulos en inglés. Extras: trailer, fotos del rodaje, fotos película, sinopsis, ficha artística y técnica, biografías.
520 _aEl hombre de al lado narra un conflicto entre vecinos que parece no tener fin. Una simple pared medianera puede dividir dos mundos, dos maneras de vestir, de comer, de vivir. De un lado Leonardo, fino y prestigioso diseñador que vive en una casa realizada por Le Corbusier. Del otro lado Víctor, vendedor de autos usados, vulgar, rústico y avasallador. Víctor decide hacer una ventana para tener más luz, y ahí empieza el problema: cada uno toma conciencia de la existencia del otro. La mirada del extraño corroe y pone en entredicho una vida aparentemente normal, y abre la puerta a los miedos, a las miserias y a las actitudes más viles. Fue filmada en la ciudad de La Plata en la única casa que el genial arquitecto suizo francés Le Corbusier diseñara en toda América, considerada una obra maestra de la arquitectura moderna.
650 4 _aADAPTACION SOCIAL
650 4 _aASPECTOS PSICOLOGICOS
650 4 _aASPECTOS SOCIALES
650 4 _aCIUDADES
650 4 _aRELACIONES HUMANAS
650 4 _aSOCIALIZACION
651 4 _aArgentina
653 _aCINE ARGENTINO
653 _aCOMEDIA
653 _aDVD
653 _aVIDEOS
700 1 _aDuprat, Gastón
_edir.
905 _a45859
942 _cDVD
999 _c53890
_d53890